000 00325nam a2200145Ia 4500
008 191201s2007 xx 000 0 und d
082 _a629.23
_bPSD
100 _aNA
245 0 _aDesign Data
250 _aRev.ed.
260 _a-
_bkalaikathir Achchagon
_c2007
300 _amisc.
650 _aB.Tech(ME)
942 _2ddc
_cBK
999 _c3535
_d3535